000 00536nam a2200169Ia 4500
005 20250508160011.0
008 008 250505s9999 xx 000 0 eng d
037 _aBooks to be hide in OPAC
040 _aFEDL
_beng
_cFEDL
041 _aeng
_2eng
084 _a373.415, IRE
_qFEDL
245 0 _aReport of the intermediate education board for Ireland for the year, 1914
260 _aLondon, UK
_bHis Majesty's Stationery Office
_c1915
300 _axxx,21p.
942 _cHB
_h373.415, IRE
999 _c1360872
_d1360872